000 01017nas a2200325 4500
001 BR2011000887
003 BR-BrBNA
005 20231205114428.0
007 ta
008 230509b bl.|||p| |||| 00| 00por d
040 _aBR-BrBNA
_bpor
_cBiblioteca Nacional de Agricultura
041 _a(Pt)
072 _aF30
100 1 _aOliveira, E.J. de
100 1 _aLima, D.S. de
100 1 _aLucena, R.S.
100 1 _aMotta, T.B.N.
100 1 _aDantas, J.L.L.
245 1 _aCorrelações genéticas e análise de trilha para número de frutos comerciais por planta em mamoeiro
650 _aMAMÃO
650 _aCARACTERÍSTICAS AGRONÔMICAS
650 _aGENÓTIPO
650 _aFENÓTIPO
650 _aMELHORAMENTO GENÉTICO VEGETAL
650 _aVARIAÇÃO GENÉTICA
650 _aMÉTODO ESTATÍSTICO
773 0 _tPesquisa Agropecuária Brasileira (Brazil)
_xISSN 0100-204X
_g(Aug 2010), v. 45(8) p. 855-862
_wBR2011000887
909 _a202311
_bLúcia
_c55
_dLúcia Elande
942 _2AGRIS
_n0
_cANA
999 _c208732
_d208732